000 01005nas a2200337 4500
001 BR2011000645
003 BR-BrBNA
005 20231205114416.0
007 ta
008 230509b bl.|||p| |||| 00| 00por d
040 _aBR-BrBNA
_bpor
_cBiblioteca Nacional de Agricultura
041 _a(Pt)
072 _aQ04
100 1 _aCaetano, R.
100 1 _aTramonte, V.L.C.G.
100 1 _aParisenti, J.
245 1 _aBiodisponibilidade de zinco de ostras (Crassostrea gigas)cultivadas em Florianópolis/ SC
650 _aOSTRA
650 _aZINCO
650 _aOSTREICULTURA
650 _aANÁLISE COMPARATIVA
650 _aESPECTROFOTOMETRIA
650 _aANÁLISE QUÍMICA
650 _aVALOR NUTRITIVO
650 _aNUTRIENTE MINERAL
650 _aCRASSOSTREA GIGAS
650 _aSANTA CATARINA
773 0 _tAlimentos e Nutrição (Brazil)
_xISSN 0103-4235
_g(Oct-Dec 2009), v. 20(4) p. 605-610
_wBR2011000645
909 _a202311
_bLúcia
_c55
_dLúcia Elande
942 _2AGRIS
_n0
_cANA
999 _c208638
_d208638